Exploitation of high panel (Record no. 53042)

MARC details
000 -LEADER
fixed length control field 00445nam a2200121Ia 4500
100 ## - MAIN ENTRY--AUTHOR NAME
Personal name Vijayakumar K.R.
245 #0 - TITLE STATEMENT
Title Exploitation of high panel
260 ## - PUBLICATION, DISTRIBUTION, ETC. (IMPRINT)
Name of publisher Workshop on the Latest Trends in Exploitation, Processing and Marketing of Natural Rubber, UPASI, R&D Centre for Rubber, Kottayam, India, pp. 21-24.
Year of publication 1997
650 ## - SUBJECT ADDED ENTRY--TOPICAL TERM
Topical Term Controlled upward tapping
650 ## - SUBJECT ADDED ENTRY--TOPICAL TERM
Topical Term Exploitation
942 ## - ADDED ENTRY ELEMENTS (KOHA)
Koha item type Bibliography STAF
Holdings
Withdrawn status Lost status Damaged status Not for loan Home library Current library Date acquired Koha item type
      Bibliography RRII Library RRII Library 09/04/2014 Bibliography STAF